<?xml version="1.0" encoding="UTF-8"?>
<record
    xmlns:xsi="http://www.w3.org/2001/XMLSchema-instance"
    xsi:schemaLocation="http://www.loc.gov/MARC21/slim http://www.loc.gov/standards/marcxml/schema/MARC21slim.xsd"
    xmlns="http://www.loc.gov/MARC21/slim">

  <leader>02050nam a2200385 a 4500</leader>
  <controlfield tag="001">000030431</controlfield>
  <controlfield tag="003">DO-SdBNP</controlfield>
  <controlfield tag="005">20180213133330.0</controlfield>
  <controlfield tag="007">000030431</controlfield>
  <controlfield tag="008">110517s2011    dr ac         001 0 spa d</controlfield>
  <datafield tag="020" ind1=" " ind2=" ">
    <subfield code="a">9789945164138</subfield>
  </datafield>
  <datafield tag="040" ind1=" " ind2=" ">
    <subfield code="a">BPMSU</subfield>
    <subfield code="b">spa</subfield>
    <subfield code="c">BPMSU</subfield>
  </datafield>
  <datafield tag="092" ind1=" " ind2=" ">
    <subfield code="a">338.474</subfield>
    <subfield code="b">S715p</subfield>
  </datafield>
  <datafield tag="100" ind1="1" ind2=" ">
    <subfield code="a">Sosa, Jos&#xE9; Rafael</subfield>
  </datafield>
  <datafield tag="245" ind1="1" ind2="0">
    <subfield code="a">Parqueo nuestro de cada d&#xED;a /</subfield>
    <subfield code="c">Jos&#xE9; Rafael Sosa ; colaboradores Omar Rancier, Marcos Barinas, Jos&#xE9; Emilio Brea Garc&#xED;a, Leyda Brea y Lorenzo G&#xF3;mez Mart&#xED;n.</subfield>
  </datafield>
  <datafield tag="260" ind1=" " ind2=" ">
    <subfield code="a">Santo Domingo :</subfield>
    <subfield code="b">Alas,</subfield>
    <subfield code="c">2011.</subfield>
  </datafield>
  <datafield tag="300" ind1=" " ind2=" ">
    <subfield code="a">127 p.</subfield>
    <subfield code="a">il., retrs. ;</subfield>
    <subfield code="c">22 cm.</subfield>
  </datafield>
  <datafield tag="505" ind1="0" ind2=" ">
    <subfield code="t">Oraci&#xF3;n del buen parqueo --</subfield>
    <subfield code="t">Introito: Cuando me estaciono --</subfield>
    <subfield code="t">Previo a todo --</subfield>
    <subfield code="t">Pr&#xF3;logo: &#xBF;Estacionar o parquear? /</subfield>
    <subfield code="r">Jos&#xE9; Emilio Brea Garc&#xED;a --</subfield>
    <subfield code="t">Getting there is half the fun /</subfield>
    <subfield code="r">Marcos Barinas --</subfield>
    <subfield code="t">Estacionemos /</subfield>
    <subfield code="r">Omar Rancier --</subfield>
    <subfield code="t">Violencia psicol&#xF3;gica y urbana: la lucha por el parqueo adopta formas, a veces, absurda --</subfield>
    <subfield code="t">Los parqueos privados: los mejores, los peores --</subfield>
    <subfield code="t">15 tipos de parquedores: &#xBF;Son un mal necesario? --</subfield>
    <subfield code="t">Testimonios: Cuando el parqueo es una pesadilla --</subfield>
    <subfield code="t">"No somos responsables":&#xBF;Si o no son responsables...? --</subfield>
    <subfield code="t">Para aprender a estacionar: Dec&#xE1;logo para aprender a parquear --</subfield>
    <subfield code="t">La inspiraci&#xF3;n al conducir --</subfield>
    <subfield code="g">Documentos anexos:</subfield>
    <subfield code="t">La ideolog&#xED;a social del autom&#xF3;vil --</subfield>
    <subfield code="t">Una soluci&#xF3;n legislativa.</subfield>
  </datafield>
  <datafield tag="650" ind1=" " ind2="4">
    <subfield code="a">SERVICIOS DE PARQUEO</subfield>
  </datafield>
  <datafield tag="650" ind1=" " ind2="4">
    <subfield code="a">ESTACIONAMIENTO DE AUTOM&#xD3;VILES</subfield>
  </datafield>
  <datafield tag="650" ind1=" " ind2="4">
    <subfield code="a">PARQUEADEROS</subfield>
  </datafield>
  <datafield tag="700" ind1="1" ind2=" ">
    <subfield code="a">Rancier, Omar,</subfield>
    <subfield code="e">col.</subfield>
  </datafield>
  <datafield tag="700" ind1="1" ind2=" ">
    <subfield code="a">Barinas, Marcos,</subfield>
    <subfield code="e">col.</subfield>
  </datafield>
  <datafield tag="700" ind1="1" ind2=" ">
    <subfield code="a">Brea Garc&#xED;a, Jos&#xE9; Emilio,</subfield>
    <subfield code="e">col.</subfield>
  </datafield>
  <datafield tag="700" ind1="1" ind2=" ">
    <subfield code="a">Brea, Leyda,</subfield>
    <subfield code="e">col.</subfield>
  </datafield>
  <datafield tag="700" ind1="1" ind2=" ">
    <subfield code="a">G&#xF3;mez Mar&#xED;n, Lorenzo,</subfield>
    <subfield code="e">col.</subfield>
  </datafield>
  <datafield tag="910" ind1=" " ind2=" ">
    <subfield code="a">Validado. Control de calidad EMS</subfield>
  </datafield>
  <datafield tag="930" ind1=" " ind2="1">
    <subfield code="l">BND01</subfield>
    <subfield code="m">LF1</subfield>
    <subfield code="h">338.474</subfield>
    <subfield code="8">20110517</subfield>
    <subfield code="f">04</subfield>
    <subfield code="p">HD</subfield>
    <subfield code="g">24932</subfield>
    <subfield code="h">e. 3</subfield>
  </datafield>
  <datafield tag="942" ind1=" " ind2=" ">
    <subfield code="2">ddc</subfield>
    <subfield code="c">BK</subfield>
  </datafield>
  <datafield tag="945" ind1=" " ind2=" ">
    <subfield code="a">Inventariado, 2018/ YL</subfield>
  </datafield>
  <datafield tag="952" ind1=" " ind2=" ">
    <subfield code="0">0</subfield>
    <subfield code="1">0</subfield>
    <subfield code="2">ddc</subfield>
    <subfield code="4">0</subfield>
    <subfield code="7">0</subfield>
    <subfield code="8">CD</subfield>
    <subfield code="a">BPMET</subfield>
    <subfield code="b">BPMET</subfield>
    <subfield code="d">2017-11-01</subfield>
    <subfield code="l">0</subfield>
    <subfield code="p">BPMSU17110020</subfield>
    <subfield code="r">2017-11-01</subfield>
    <subfield code="w">2017-11-01</subfield>
    <subfield code="y">BK</subfield>
  </datafield>
  <datafield tag="952" ind1=" " ind2=" ">
    <subfield code="0">0</subfield>
    <subfield code="1">0</subfield>
    <subfield code="2">ddc</subfield>
    <subfield code="4">0</subfield>
    <subfield code="7">0</subfield>
    <subfield code="8">CD</subfield>
    <subfield code="a">BPMET</subfield>
    <subfield code="b">BPMET</subfield>
    <subfield code="d">2018-02-13</subfield>
    <subfield code="e">Sin sellar</subfield>
    <subfield code="l">0</subfield>
    <subfield code="p">BPMSU18020136</subfield>
    <subfield code="r">2018-02-13</subfield>
    <subfield code="t">e. 2</subfield>
    <subfield code="w">2018-02-13</subfield>
    <subfield code="y">BK</subfield>
  </datafield>
  <datafield tag="956" ind1=" " ind2=" ">
    <subfield code="a">ARIVERA</subfield>
    <subfield code="b">10</subfield>
    <subfield code="c">20110523</subfield>
    <subfield code="l">BND01</subfield>
    <subfield code="h">1016</subfield>
  </datafield>
  <datafield tag="956" ind1=" " ind2=" ">
    <subfield code="a">BTAVAREZ</subfield>
    <subfield code="b">10</subfield>
    <subfield code="c">20120417</subfield>
    <subfield code="l">BND01</subfield>
    <subfield code="h">1424</subfield>
  </datafield>
  <datafield tag="956" ind1=" " ind2=" ">
    <subfield code="a">EMARRERO</subfield>
    <subfield code="b">40</subfield>
    <subfield code="c">20120502</subfield>
    <subfield code="l">BND01</subfield>
    <subfield code="h">0057</subfield>
  </datafield>
  <datafield tag="956" ind1=" " ind2=" ">
    <subfield code="a">VMATEO</subfield>
    <subfield code="b">10</subfield>
    <subfield code="c">201500811</subfield>
    <subfield code="l">BPMSU</subfield>
    <subfield code="h">00151</subfield>
  </datafield>
  <datafield tag="999" ind1=" " ind2=" ">
    <subfield code="c">8163</subfield>
    <subfield code="d">8163</subfield>
  </datafield>
</record>
